Largest Parks and Green Spaces in Inner London - Statistics

General Stats
  • This quiz has been taken 25 times
  • The average score is 25 of 98
Answer Stats
Hectares Name Borough(s) % Correct
254 Hyde Park and Kensington Gardens Ken. & Chelsea, Westminster
96%
19 Green Park Westminster
78%
280 Hampstead Heath Camden
78%
157 Regent's Park Camden, Westminster
78%
24 St James' Park Westminster
74%
77 Greenwich Park Greenwich
70%
82 Battersea Park Wandsworth
65%
81 Clapham Common Lambeth, Wandsworth
65%
116 Hackney Marshes Hackney
65%
92 Victoria Park Tower Hamlets
61%
94 Lea Valley Park (Queen Elizabeth Olympic Park) Hackney, Newham
57%
163 Wimbledon Common Wandsworth
52%
99 Blackheath Greenwich, Lewisham
48%
51 Brockwell Park Lambeth
48%
14 London Fields Hackney
48%
24 Primrose Hill Camden
43%
74 Wandsworth Common Wandsworth
43%
78 Wormwood Scrubs Ham. & Fulham
43%
16 Brompton Cemetery Ken. & Chelsea
39%
25 Burgess Park and Burgess Park West Southwark
39%
21 Holland Park Ken. & Chelsea
39%
45 Peckham Rye Common and Park Southwark
39%
29 Southwark Park Southwark
39%
19 Hackney Downs Hackney
35%
18 Hilly Fields Lewisham
35%
46 Plumstead and Winns Commons Greenwich
35%
31 Streatham Common Lambeth
35%
18 Buckingham Palace Gardens Westminster
30%
33 Dulwich Park Southwark
30%
89 Tooting Bec Common Lambeth, Wandsworth
30%
13 Abney Park Hackney
26%
32 Beckton and Beckton District Parks Newham
26%
20 Bishop's Park & Moat Park Ham. & Fulham
26%
24 Clissold Park Hackney
26%
150 Oxleas Woods Greenwich
26%
85 Woolwich Common and Repository Woods Greenwich
26%
96 Avery Hill Park Greenwich
22%
12 Central and South Parks Greenwich
22%
21 Charlton Park and Charlton House Gardens Greenwich
22%
19 Eltham Park South Greenwich
22%
12 Highbury Fields Islington
22%
22 Ladywell Fields Lewisham
22%
22 Millwall Park and Mudchute Park and Farm Tower Hamlets
22%
11 Paddington Recreation Ground Westminster
22%
21 Putney Lower Common Wandsworth
22%
13 Ravenscourt Park Ham. & Fulham
22%
15 Ruskin Park Lambeth
22%
27 West Ham Park Newham
22%
36 Bel Air park and Dulwich Sports Fields Southwark
17%
15 Camberwell New Cemetery Southwark
17%
12 Camberwell Old Cemetery Southwark
17%
18 Kennington Common and Park Southwark
17%
37 Mile End Park and Meath Gardens Tower Hamlets
17%
25 Millfields Park (North and South) Hackney
17%
14 Norwood Park Lambeth
17%
21 Nunhead Cemetery Southwark
17%
22 Royal Hospital Grounds Ken. & Cheslea
17%
12 Russia Dock Woodland Southwark
17%
13 Springfield Park Hackney
17%
106 Beckenham Place Park Lewisham
13%
11 Central Park Newham
13%
70 City of London Cemetery Newham
13%
21 Coldharbour Playing Fields Greenwich
13%
37 Eltham Palace Gardens Greenwich
13%
83 Gallions Reach Park and Thamesmead Marshes Greenwich
13%
22 Hither Green Cemetery Lewisham
13%
16 Hornfair Park Greenwich
13%
15 Ladywell & Brockley Cemetery Lewisham
13%
26 Maryon and Maryon Wilson Park Greenwich
13%
20 Shrewsbury Park Greenwich
13%
12 Tower Hamlets Cemetery Park Tower Hamlets
13%
78 Bostal Woods Greenwich
9%
32 Dulwich & Sydenham Golf Course Southwark
9%
35 Dulwich & Sydenham Hill Woods Southwark
9%
16 East London Cemetery Newham
9%
11 Eltham Cemetery Greenwich
9%
20 Forster Memorial Park Lewisham
9%
21 King George's Park Wandsworth
9%
22 Lambeth Cemetery Wandsworth
9%
11 Mabley Green Hackney
9%
16 Manor Park Cemetery Newham
9%
12 Plumstead Cemetery Greenwich
9%
41 Royal Blackheath Golf Course Greenwich
9%
32 Shooters Hill Golf Course Greenwich
9%
21 St Mary's RC Cemetery Ham. & Fulham
9%
15 Sutcliffe Park Greenwich
9%
14 Wandsworth Cemetery Wandsworth
9%
12 West Ham Cemetery Newham
9%
36 Woodlands Farm Greenwich
9%
12 Aquarius Golf Course Southwark
4%
12 Central London Golf Wandsworth
4%
15 Eltham Warren Golf Course Greenwich
4%
12 Mountsfield Park Lewisham
4%
34 Roehampton Golf Club Wandsworth
4%
15 Streatham Cemetery Wandsworth
4%
10 Waterflow Park Camden
4%
15 West Norwood Cemetery Lambeth
4%
15 Woolwich Cemeteries Greenwich
4%
No matching quizzes found
Score Distribution
Percent of People with Each Score
Percentile by Number Answered
Your Score History
You have not taken this quiz